000
00289nam a22001337a 4500
999
_c
12279
_d
12279
020
_a
9788130908632
082
_a
338.5
100
_a
Hal R. Varian
245
_a
Microeconomic Analysis
250
_a
3rd
260
_a
India
_b
VIVA Books
_c
2016
300
_a
557 pages.
942
_c
ECONOMICS